000 00384nam a22001697a 4500
005 20160625123602.0
008 160625b xxu||||| |||| 00| 0 eng d
020 _a1-4039-4695-7
041 _aeng
082 _b10204
100 _aWatson, James
_92780
245 _aMedia Communication
260 _bPalgrave
300 _a326
650 _aMass Communication
_92660
942 _cBK
999 _c4018
_d4017